Biblioteca "Ernesto Sabato"
Facultad de Derecho y Ciencias Sociales
Facultad de Lenguas
Universidad Nacional del Comahue

A letter concerning toleration concerning civl governmert, second essay : an essay concerning human understanding (Record no. 24395)

MARC details
000 -CABECERA
campo de control de longitud fija 00783cam a22002532a 4500
001 - NÚMERO DE CONTROL
campo de control 018664
003 - IDENTIFICADOR DEL NÚMERO DE CONTROL
campo de control AR-FADEU
005 - FECHA Y HORA DE LA ÚLTIMA TRANSACCIÓN
campo de control 20230807105255.0
008 - DATOS DE LONGITUD FIJA--INFORMACIÓN GENERAL
campo de control de longitud fija 311216n1952####xxu####################dd
020 ## - NÚMERO INTERNACIONAL ESTÁNDAR DEL LIBRO
Número Internacional Estándar del Libro 0-85229-163-9
040 ## - FUENTE DE LA CATALOGACIÓN
Centro/agencia transcriptor Biblioteca Ernesto Sábato
092 ## - ASIGNACIÓN LOCAL DE SIGNATURA TOPOGRÁFICA DEWEY (OCLC)
Número de clasificación 031
Número de documento/Ítem G786
Característica del encabezamiento EYDI
100 ## - ENTRADA PRINCIPAL--NOMBRE DE PERSONA
Nombre de persona Locke, John
245 ## - MENCIÓN DE TÍTULO
Título A letter concerning toleration concerning civl governmert, second essay : an essay concerning human understanding
260 ## - PUBLICACIÓN, DISTRIBUCIÓN, ETC. (PIE DE IMPRENTA)
Lugar de publicación, distribución, etc. Chicago
260 ## - PUBLICACIÓN, DISTRIBUCIÓN, ETC. (PIE DE IMPRENTA)
Nombre del editor, distribuidor, etc. Encyclopedia Britannica, Inc.
260 ## - PUBLICACIÓN, DISTRIBUCIÓN, ETC. (PIE DE IMPRENTA)
Fecha de publicación, distribución, etc. 1952
300 ## - DESCRIPCIÓN FÍSICA
Extensión 599 p
440 ## - MENCIÓN DE SERIE/PUNTO DE ACCESO ADICIONAL--TÍTULO
Título Great books of the western world
Número de parte o sección de la obra 35
546 ## - NOTA DE LENGUA/LENGUAJE
Nota de lengua/lenguaje Inglés
650 ## - PUNTO DE ACCESO ADICIONAL DE MATERIA--TÉRMINO DE MATERIA
Término de materia o nombre geográfico como elemento inicial FILOSOFIA-SIGLO XVII; FILOSOFIA-SIGLO XVIII/E/E/REVISADO/
700 ## - PUNTO DE ACCESO ADICIONAL--NOMBRE DE PERSONA
Nombre de persona Robert Maynard, Hutchins, ed.
942 ## - ELEMENTOS DE PUNTO DE ACCESO ADICIONAL (KOHA)
Tipo de ítem Koha EYDI
Fuente del sistema de clasificación o colocación Dewey Decimal Classification
Holdings
Estado de retiro Estado de pérdida Fuente del sistema de clasificación o colocación Estado dañado No para préstamo Código de colección Localización permanente Ubicación/localización actual Ubicación en estantería Fecha de adquisición Número de inventario Total de préstamos Signatura topográfica completa Código de barras Fecha visto por última vez Precio válido a partir de Tipo de ítem Koha Nota pública
    Dewey Decimal Classification     EYDI Biblioteca Ernesto Sabato - FADECS - UNCOMA Biblioteca Ernesto Sabato - FADECS - UNCOMA EYDI 22/02/2017 01111   031 G786 01111 22/02/2017 22/02/2017 EYDI v. 35
Facultad de Derecho y Ciencias Sociales | Universidad Nacional del Comahue | Mendoza y Perú General Roca | Río Negro CP (8332) | Patagonia Argentina | Teléfono: 54-0298-4433670 | | Fax: 0298-4432093 | Fax alumnos: 0298-4435700